| 000 | 00839nam a22002535a 4500 | ||
|---|---|---|---|
| 008 | 170122s2016 nyua||||rb||| 001 0 eng d | ||
| 020 | _a1681170310 | ||
| 020 | _a9781681170312 | ||
| 040 |
_aEG-ScBUE _beng _cEG-ScBUE |
||
| 082 | 0 | 4 |
_222 _a662.88 _bBIO |
| 245 |
_aBiomass processing technologies / _cEditor, Mudia, Deepali. |
||
| 260 |
_aValley Cottage, New York : _bSCITUS Academics LLC, _c2016. |
||
| 300 |
_a296 p. : _bill. ; _c19 cm. |
||
| 500 | _aIndex : p. 293-296. | ||
| 504 | _aIncludes bibliographical references. | ||
| 590 | _aWessam | ||
| 650 | 7 |
_2BUEsh _941637 _aPlant biomass. |
|
| 650 | 7 |
_941638 _aPlant products _xBiotechnology. _2BUEsh |
|
| 650 | 7 |
_941636 _aBiomass conversion. _2BUEsh |
|
| 651 | _2BUEsh | ||
| 653 |
_bENGPET _cJanuary2017 |
||
| 700 | 1 |
_941782 _aMudia, Deepali. _eeditor. |
|
| 942 |
_2ddc _e22 _k662.88 BIO |
||
| 999 |
_c23986 _d23958 |
||